01159nam a2200313 a 4500001001200000003000800012006001900020007001500039008004100054020001800095020002700113040002100140035002100161050002500182100002100207245007400228260003700302300003200339490001100371504005100382533015200433650002300585650003000608650002300638655002900661710001700690830001200707856012600719ebr10538346CaPaEBRm u cr cn|||||||||120331s2011 enka sb 001 0 eng d z9781861897992 z9781861899972 (e-book) aCaPaEBRcCaPaEBR a(OCoLC)78784517214aSB211.P8bS65 2011eb1 aSmith, Andrew F.10aPotatoh[electronic resource] :ba global history /cAndrew F. Smith. aLondon :bReaktion Books,c2011. a142 p. :bill. (some col.).1 aEdible aIncludes bibliographical references and index. aElectronic reproduction.bPalo Alto, Calif. :cebrary,d2013.nAvailable via World Wide Web.nAccess may be limited to ebrary affiliated libraries. 0aPotatoesxHistory. 0aPotato productsxHistory. 0aCooking (Potatoes) 7aElectronic books.2local2 aebrary, Inc. 0aEdible.40uhttp://site.ebrary.com/lib/rucke/Doc?id=10538346zAn electronic book accessible through the World Wide Web; click to view